000 01050nac a22003011i 4500
003 EG-ScBUE
005 20250423125709.0
008 250325s1997 nyuab f b 001 0 eng d
020 _a0716750759
020 _a9780716750758
040 _aEG-ScBUE
_beng
_erda
_cEG-ScBUE
_dEG-ScBUE
082 0 4 _a523.1135
_bKAL
_222
100 1 _aKaler, James B.,
_eauthor.
245 1 0 _aCosmic clouds :
_bbirth, death, and recycling in the galaxy /
_cJames B. Kaler.
250 _aFirst printing.
264 1 _aNew York :
_bScientific American Library an imprint of Scientific American Books, Inc.,
_c1997.
300 _axii, 253 pages :
_bcolor maps, illustrations (some color) ;
_c25 cm.
336 _2rdacontent
_atext
_btxt
337 _aunmediated
_2rdamedia
_bn
338 _avolume
_bnc
_2rdacarrier
490 0 _aScientific American library series
504 _aIncludes bibliographical references and index.
650 7 _aGalaxies.
_2BUEsh
650 7 _aStars.
_2BUEsh
650 7 _aAstrophysics.
_2BUEsh
655 _vReading book
942 _cBB
_2ddc
999 _c9499
_d9499